Kadra reprezentacji Hiszpanii - MŚ 2010 - Statystyki

Ogólne statystyki
  • Ten quiz został rozwiązany 73 razy
  • Średni wynik to 15 z 24
Statystyki odpowiedzi
Nr Zawodnik Poz % Poprawnych
8 Xavi PO
97%
6 Andrés Iniesta PO
95%
5 Carles Puyol OB
95%
15 Sergio Ramos OB
94%
7 David Villa NA
92%
1 Iker Casillas BR
90%
9 Fernando Torres NA
86%
3 Gerard Piqué OB
84%
16 Sergio Busquets PO
76%
12 Víctor Valdés BR
73%
18 Pedro NA
70%
14 Xabi Alonso PO
70%
# Vicente del Bosque Trener
60%
21 David Silva PO
59%
10 Cesc Fàbregas PO
57%
23 Pepe Reina BR
52%
17 Álvaro Arbeloa OB
49%
11 Joan Capdevila OB
44%
22 Jesús Navas PO
38%
2 Raúl Albiol OB
37%
13 Juan Mata PO
32%
19 Fernando Llorente NA
27%
4 Carlos Marchena OB
21%
20 Javi Martínez PO
19%
Nie znaleziono quizów pasujących do podanych kryteriów
Rozkład punktacji
Procent ludzi z każdym wynikiem
Percentyl według liczby udzielonych odpowiedzi
Twoja historia wyników
Nie rozwiązałeś tego quizu